000 00671nam a2200181Ia 4500
003 GCL
008 140319s9999 xx 000 0 ara d
040 _aGCL /
_cGCL
082 0 4 _a861
_bم ق
100 1 _aمحمود على مكى \\=aلوركا، فيدريكوغرسيةv
245 1 0 _aقيديريكو غرسية لوركا الاعمال الشعرية الكاملة (المجلد الاول) /
_cمحمود على مكى
300 _a389 ص
490 _aالمجلس الاعلى للثقافة
_v0
650 0 4 _aالادب الاسبانى
650 0 4 _aالشعر الغنائى
650 0 4 _aالشعر الاسبانى المترجم
942 _2ddc
_cBK
999 _c52181
_d52181